=LDR 00000nam 2200000 4500 =001 INLIS000000000017708 =005 20171212090459 =035 ##$$a 0010-061300000017708 =008 171212###########################0###### =041 ##$$a Ind =082 ##$$a R.342.042 =090 ##$$a R.342.042, Ind u =100 ##$$a Indonesia.[Undang-Undang dan Peraturan] =245 1#$$a Undang-undang advokat 2003 (UU RI no.18 th. 2003] dan kenotarisan =260 ##$$a Jakarta :$b Sinar Grafika,$c 2005 =300 ##$$a viii, 71 hlm, ; $c 20 cm =650 ##$$a Advokat-UU dan Peraturan =850 ##$$a NBPNMAT =084 ##$$a R.342.042 IND u =990 ##$$a 20605416 =990 ##$$a 20605417 =990 ##$$a 20605418 =990 ##$$a 20605419 =990 ##$$a 12381238 =990 ##$$a 10311675 =990 ##$$a 20605416 =990 ##$$a 20605417 =990 ##$$a 20605418 =990 ##$$a 20605419